|
|
|
|
| LEADER |
00000nas a2200000 a 4500 |
| 001 |
ssj0000548234 |
| 003 |
WaSeSS |
| 005 |
20200512172242.0 |
| 006 |
m d |
| 007 |
cr n |
| 008 |
090319c20089999cauar p s | a0eng |
| 010 |
|
|
|a 2009200058
|
| 022 |
|
|
|a 1946-7192
|l 1946-7192
|y 2158-2572
|
| 035 |
|
|
|a (WaSeSS)ssj0000548234
|
| 037 |
|
|
|b School of Public Policy, Pepperdine University, 24255 Pacific Coast Highway, Malibu, CA 90263-7490
|
| 040 |
|
|
|a DLC
|b eng
|c DLC
|d DLC
|d NSD
|d OCLCQ
|d DLC
|d OCLCQ
|d OCLCF
|d OCLCO
|d OCLCQ
|d AU@
|d U3W
|d WaSeSS
|
| 042 |
|
|
|a nsdp
|a pcc
|
| 082 |
1 |
0 |
|a 350
|2 14
|
| 222 |
|
0 |
|a Pepperdine policy review
|
| 245 |
0 |
0 |
|a Pepperdine policy review
|h [electronic resource].
|
| 260 |
|
|
|a Malibu, CA :
|b Pepperdine University, School of Public Policy
|
| 310 |
|
|
|a Annual
|
| 362 |
1 |
|
|a Began with vol. 1 (2008).
|
| 506 |
|
|
|a License restrictions may limit access.
|
| 588 |
|
|
|a Description based on: Vol. 1 (2008); title from PDF cover (Pepperdine website, viewed Mar. 19, 2009).
|
| 650 |
|
0 |
|a Public administration
|v Periodicals.
|
| 650 |
|
7 |
|a Public administration.
|2 fast
|0 (OCoLC)fst01081976
|
| 655 |
|
0 |
|a Electronic journals.
|
| 710 |
2 |
|
|a Pepperdine University.
|b School of Public Policy.
|
| 776 |
0 |
8 |
|i Also in print:
|t Pepperdine policy review
|x 2158-2572
|w (DLC) 2010204187
|w (OCoLC)676688938
|
| 856 |
4 |
0 |
|z Full text available from Research Library: 04/01/2010 to 12/31/2015
|u https://search.proquest.com/publication/496340
|
| 856 |
4 |
0 |
|z Full text available from Research Library: 01/01/2017 to present
|u https://search.proquest.com/publication/496340
|